Лексико-стилістична характеристика семантичного поля здоровя (Запис № 284220)

МАРК-запис
000 -LEADER
fixed length control field 01246nam a22001577a 4500
041 ## - LANGUAGE CODE
Language code of text/sound track or separate title ukr
080 ## - UNIVERSAL DECIMAL CLASSIFICATION NUMBER
Universal Decimal Classification number 09
090 ## - LOCALLY ASSIGNED LC-TYPE CALL NUMBER (OCLC); LOCAL CALL NUMBER (OCLC)
Local cutter number (OCLC) ; Book number/undivided call number, CALL (RLIN) ХОТ
100 ## - MAIN ENTRY--PERSONAL NAME
Personal name Хотюк О.Б.
245 ## - TITLE STATEMENT
Title Лексико-стилістична характеристика семантичного поля здоровя
260 ## - PUBLICATION, DISTRIBUTION, ETC. (IMPRINT)
Place of publication, distribution, etc Острог
Name of publisher, distributor, etc КАФ
Date of publication, distribution, etc 2010
300 ## - PHYSICAL DESCRIPTION
Extent 46
520 ## - SUMMARY, ETC.
Summary, etc ВСТУП<br/>РОЗДІЛ 1 ЛЕКСИКО-СЕМАНТИЧНА СИСТЕМА МОВИ<br/>1.1 Поняття лексико-семантичної системи.<br/>1.2 Поняття семантичного поля.<br/>РОЗДІЛ 2 ОПИС ОСОБЛИВОСТЕЙ СЕМАНТИЧНОГО ПОЛЯ ЗДОРОВЯ<br/>2.1 Семантичне поле здоровя.<br/>2.2 Стилістична характеристика семантичного поля здоровя.<br/>РОЗДІЛ 3 ДИНАМІЧНА СЕМАНТИКА КОНЦЕПТУ ЗДОРОВЯ В АНГЛІЙСЬКІЙ МОВІ<br/>3.1 Концепт як основне семантичне поняття.<br/>3.2 Динамічна семантика концепту здоровя.<br/>ВИСНОВКИ
-- лексико-семантична система мови, здоровя
650 ## - SUBJECT ADDED ENTRY--TOPICAL TERM
Topical term or geographic name as entry element Research Papers
942 ## - ADDED ENTRY ELEMENTS (KOHA)
Koha item type Книги
Фонди
Withdrawn status Lost status Source of classification or shelving scheme Damaged status Not for loan Home library Current library Date acquired Source of acquisition Cost, normal purchase price Total Checkouts Full call number Barcode Date last seen Price effective from Koha item type
    Universal Decimal Classification     ВІЛ - Відділ іноземн. літератури НБ ВІЛ - Відділ іноземн. літератури НБ 16/04/2009 Акт №1 1.00   09 213871 20/12/2021 16/04/2009 Книги